Heat-treatment induced embrittlement of NANOPERM and HITPERM-type alloys

Bibliographic Details
Main Authors: Krenický, T. (Author), Fabian, Stanislav, 1947- (Author)
Format: Article
Language:Slovak
English
PhysicalDescription:Fotogr., graf, sch.
ISSN:1335-7972
Subjects:

MARC

LEADER 00000nab a2200000 a 4500
001 vtls009172731
003 SK-MaSNL
005 20260304163554.0
008 250507c2007 xo |||||||||||000 b|slo
015 |a SNBRB2008/01  |2 snkbucl 
035 |a (sysno)vtls009172731 
035 |a urn:nbn:sk:snk-ab734a 
035 |a (uuid)e8feadd1-b49c-4056-8dec-9e59e22c1ffd 
035 |a (urnnbn)urn:nbn:sk:snk:ar-a06r9h 
038 |a SNKBUCL 
040 |a SNKBUCL  |b slo  |c SNKBUCL  |e AACR2 
041 0 |a eng  |b eng  |b slo 
044 |a xo  |c SK 
080 |a 669.018.58:539.56:620.1  |2 2001 
080 |a 621.318.13  |2 2001 
080 |a 620.2-022.53-026.763  |2 2001 
080 |a 539.56  |2 2001 
080 |a 620.1  |2 2001 
080 |a 669.055  |2 2001 
100 1 |a Krenický, T.  |4 aut  |9 1490925 
245 1 0 |a Heat-treatment induced embrittlement of NANOPERM and HITPERM-type alloys  |c T. Krenický, S. Fabian 
246 3 1 |a Tepelným spracovaním indukované krehnutie zliatin typu NANOPERM a HITPERM 
300 |b Fotogr., graf, sch. 
504 |a Bibliogr. odkazy 
546 |a Res. angl., slov. 
650 0 7 |a magneticky mäkké materiály  |2 snkbucl  |9 50921 
650 0 7 |a nanokryštalické materiály  |2 snkbucl  |9 82657 
650 0 7 |a zliatiny  |2 SNKPH  |9 78943 
650 0 7 |a NANOPERM (zliatina)  |2 snkbucl  |9 1490926 
650 0 7 |a HITPERM (zliatina)  |2 snkbucl  |9 1490927 
650 0 7 |a krehkosť  |2 snkbucl  |9 545725 
650 0 7 |a skúšanie materiálov  |2 SNKPH  |9 4168 
700 1 |a Fabian, Stanislav,  |d 1947-  |4 aut  |9 102248 
773 0 |t Výrobné inžinierstvo = Manufacturing engineering  |g Roč. VI, č. 4 (2007), s. 34-36  |x 1335-7972 
850 |a Slovenská národná knižnica 
852 |a Slovenská národná knižnica 
958 |a article27 
958 |a NB 
958 |a OND 
958 |a EUIPO 
999 |c 2978002  |d 2979932